<?xml version="1.0" encoding="UTF-8"?><?xml-stylesheet type="text/xsl" href="static/style.xsl"?><OAI-PMH xmlns="http://www.openarchives.org/OAI/2.0/" xmlns:xsi="http://www.w3.org/2001/XMLSchema-instance" xsi:schemaLocation="http://www.openarchives.org/OAI/2.0/ http://www.openarchives.org/OAI/2.0/OAI-PMH.xsd"><responseDate>2026-04-28T19:48:33Z</responseDate><request verb="GetRecord" identifier="oai:uvadoc.uva.es:10324/5076" metadataPrefix="marc">https://uvadoc.uva.es/oai/request</request><GetRecord><record><header><identifier>oai:uvadoc.uva.es:10324/5076</identifier><datestamp>2021-06-29T09:50:41Z</datestamp><setSpec>com_10324_38</setSpec><setSpec>col_10324_852</setSpec></header><metadata><record xmlns="http://www.loc.gov/MARC21/slim" xmlns:doc="http://www.lyncode.com/xoai" xmlns:xsi="http://www.w3.org/2001/XMLSchema-instance" xmlns:dcterms="http://purl.org/dc/terms/" xsi:schemaLocation="http://www.loc.gov/MARC21/slim http://www.loc.gov/standards/marcxml/schema/MARC21slim.xsd">
<leader>00925njm 22002777a 4500</leader>
<datafield tag="042" ind1=" " ind2=" ">
<subfield code="a">dc</subfield>
</datafield>
<datafield tag="720" ind1=" " ind2=" ">
<subfield code="a">López Gómez, Alba</subfield>
<subfield code="e">author</subfield>
</datafield>
<datafield tag="260" ind1=" " ind2=" ">
<subfield code="c">2014</subfield>
</datafield>
<datafield tag="520" ind1=" " ind2=" ">
<subfield code="a">Las consecuencias de la obesidad hacen de esta enfermedad  uno de los mayores retos de la salud pública para el siglo XXI. Existen unos cambios alimentarios que se combinan con cambios de conductas que suponen una reducción de la actividad física en el trabajo y durante el tiempo de ocio. El ocio en la infancia es cada vez más sedentario, por ello trataremos en el siguiente trabajo de prevenir la obesidad y el sobrepeso desde la Educación y de forma más concreta desde la Educación física.</subfield>
</datafield>
<datafield tag="024" ind2=" " ind1="8">
<subfield code="a">http://uvadoc.uva.es/handle/10324/5076</subfield>
</datafield>
<datafield ind1=" " ind2=" " tag="653">
<subfield code="a">Obesidad infantil</subfield>
</datafield>
<datafield ind1=" " ind2=" " tag="653">
<subfield code="a">Niños-Alimentación</subfield>
</datafield>
<datafield ind1=" " ind2=" " tag="653">
<subfield code="a">Educación para la salud</subfield>
</datafield>
<datafield tag="245" ind1="0" ind2="0">
<subfield code="a">Obesidad en edad escolar: una propuesta de intervención para prevenir y reducir sus consecuencias</subfield>
</datafield>
</record></metadata></record></GetRecord></OAI-PMH>